| 000 | 00466nam a2200169 a 4500 | ||
|---|---|---|---|
| 005 | 20140310183135.0 | ||
| 008 | 020820s19uu xx 00 eng d | ||
| 050 |
_aHB 172.5 _b.M36 1998 |
||
| 100 | _aMankiw, N. Gregory | ||
| 245 |
_aPrinciples of macroeconomics / _cN. Gregory Mankiw. |
||
| 260 |
_aNew York : _bNorton, _c1998. |
||
| 300 |
_a512 p. : _bcol. ill. ; _c25 cm. |
||
| 521 | _aBSBA | ||
| 650 | _amaceconomics | ||
| 942 |
_cBK _2lcc _kFOR |
||
| 999 |
_c19262 _d19262 |
||